000
00353 a2200169 4500
001
190921
020
_a
978-85-7153-333-2
040
_c
Magnum
100
_a
Libânio, Márcia
240
1
0
_a
Lá vai o balão
_l
por
245
1
0
_a
Lá vai o balão
300
_a
40
362
0
_a
2013
440
1
_a
RHJ
697
_a
LITERATURA INFANTIL
942
_c
BK
999
_c
190921
_d
190921